Lenguaje y estilo

Gorde:
Xehetasun bibliografikoak
Egile nagusia: Ullmann, Stephen (Egilea)
Formatua: Liburua
Hizkuntza:gaztelania
Argitaratua: Madrid Aguilar 1968
Saila:Cultura e Historia
Gaiak:
Etiketak: Etiketa erantsi
Etiketarik gabe, Izan zaitez lehena erregistro honi etiketa jartzen!

MARC

LEADER 00000nam a2200000 a 4500
001 UCJ9868
003 CL-VaPUC
008 070413e19680000SP |||||||||||||||||spa|d
082 0 4 |a 412  |b ULL  |2 21 
100 0 |a Ullmann, Stephen  |e author  |9 519918 
245 1 0 |a Lenguaje y estilo 
300 |a 322 p 
942 |c BK 
945 |d 20070413 00:00:00  |a jtorresc 
260 |a Madrid  |b Aguilar  |c 1968 
500 |a Donación del Dr. Luis Gómez Macker 
650 0 |a Estilos literarios  |9 310538 
650 0 |a Semántica  |9 265318 
583 |a last modification  |c 20070413 00:00:00  |k Rodrigo Vera 
490 0 |a Cultura e Historia 
999 |c 325211  |d 325209 
952 |0 0  |1 0  |4 0  |6 412_000000000000000_ULL_1968  |7 0  |8 A  |9 405845  |a FDOPOS  |b FDOPOS  |d 2019-11-22  |i 4271890  |o 412 ULL 1968  |p 4271890  |r 2025-01-22  |w 2019-11-22  |y BK  |k MLA